[Event "Superturnier"]
[Site "Computer"]
[Date "2021.10.15"]
[Round "7"]
[White "Mephisto RISC 1MB"]
[Black "Mephisto Berlin Pro 68020"]
[Result "1-0"]
[WhiteElo "2200"]
[BlackElo "2200"]
[Annotator "Pillen,Markus"]
[PlyCount "127"]
[EventDate "2021.??.??"]

{[%evp 0,107,29,12,48,48,48,14,17,15,30,47,46,37,67,49,53,37,47,28,31,32,29,16,
16,14,27,23,88,-17,0,-18,-16,-11,13,4,33,14,22,31,31,24,64,64,50,65,49,41,38,
50,56,16,74,83,113,97,139,164,156,130,155,174,172,146,217,218,237,215,243,249,
363,384,416,423,425,355,519,388,392,420,608,546,756,852,870,914,939,1009,1009,
1057,1074,1070,1111,1111,1111,1117,1125,1125,1157,951,989,978,1122,1138,1629,
1593,1708,1477,1869,1708]} 1. e4 c5 2. Nf3 Nc6 3. d4 cxd4 4. Nxd4 Nf6 5. Nc3 d6
6. Bg5 e6 7. Qd2 a6 8. O-O-O h6 9. Bf4 Bd7 10. Nxc6 Bxc6 11. f3 d5 12. Qe1 Bb4
13. a3 Ba5 14. Bd2 Qe7 15. e5 Nd7 16. Kb1 Bc7 17. f4 f6 18. exf6 Qxf6 19. g3
O-O 20. Bg2 b5 21. Ne2 Rfe8 22. Bc3 Qf7 23. Nd4 Bb7 24. Rf1 Bb6 25. Rf2 Qg6 26.
Re2 Bxd4 27. Bxd4 Rac8 28. Bh3 Nf8 29. Rd3 Qf7 30. Rde3 Rc6 31. Bc3 Qg6 32. f5
Qh5 33. g4 Qg5 34. fxe6 Qe7 35. g5 d4 36. Bxd4 Rc4 37. Bc3 Ng6 38. Rd2 Rxc3 39.
Rxc3 Qxg5 40. Rd7 Ba8 41. Rg3 Qe5 42. Qxe5 Nxe5 43. Rdxg7+ Kf8 44. Rg8+ Ke7 45.
R3g7+ Kf6 46. Rxe8 Kxg7 47. Rxa8 Kf6 48. Rxa6 Nc4 49. a4 bxa4 50. Rxa4 Nd6 51.
Ra7 Kg6 52. Bg2 Kf6 53. e7 Ne8 54. Bc6 Nd6 55. c4 Nc8 56. e8=Q Nxa7 57. Be4 Nc8
58. Qxc8 h5 59. c5 h4 60. Qe8 h3 61. c6 Kg5 62. Qe5+ Kh6 63. Qf6+ Kh5 64. Bf3#
1-0

[Event "Superturnier"]
[Site "Computer"]
[Date "2021.10.15"]
[Round "7"]
[White "Fidelity Excel 68020 Mach IV"]
[Black "Saitek RISC 2500 v1.04"]
[Result "0-1"]
[WhiteElo "2200"]
[BlackElo "2200"]
[Annotator "Pillen,Markus"]
[PlyCount "134"]
[EventDate "2021.??.??"]

{[%evp 0,104,29,12,48,48,71,62,62,35,35,37,98,66,50,38,32,30,32,24,23,30,35,
-15,-10,-41,-44,-52,-50,-48,-48,-53,-47,-59,-63,-45,-38,-84,-39,-63,-68,-72,
-72,-52,-56,-56,-46,-86,-37,-21,-16,-2,-13,-18,0,0,0,0,1,22,5,1,0,-4,-7,-14,
-15,-32,-32,-32,-38,-30,-33,-23,-6,-26,-24,-31,-22,-15,-27,-22,-18,-57,-28,
-133,-170,-170,-185,-329,-368,-355,-374,-398,-398,-516,-565,-577,-589,-610,
-615,-623,-631,-642,-644,-642,-656]} 1. e4 c5 2. Nf3 d6 3. d4 cxd4 4. Nxd4 Nf6
5. Nc3 g6 6. Be3 Bg7 7. Be2 O-O 8. O-O Nc6 9. Nb3 Be6 10. f4 Qd7 11. Nd4 Ng4
12. Nxe6 Nxe3 13. Nxf8 Rxf8 14. Qd2 Nxf1 15. Bxf1 Qd8 16. Kh1 Qa5 17. Rb1 Qb4
18. a3 Qa5 19. Bd3 Rc8 20. Qe1 e6 21. Nb5 Qxe1+ 22. Rxe1 Rd8 23. Nc3 a6 24. Nd1
d5 25. e5 g5 26. g3 Bh6 27. f5 exf5 28. Bxf5 Bg7 29. e6 h5 30. exf7+ Kxf7 31.
Rf1 Bf6 32. g4 h4 33. Kg2 Ne5 34. Re1 Nc4 35. c3 Rd6 36. Bc8 Rb6 37. Re2 Be5
38. h3 Bf4 39. a4 Kf6 40. b4 a5 41. bxa5 Rb1 42. Re6+ Kf7 43. Nf2 Rb2 44. Re1
Bg3 45. Bxb7 Bxf2 46. Bxd5+ Kf8 47. Rh1 Ba7+ 48. Kf3 Nd2+ 49. Ke2 Ne4+ 50. Kd3
Nf2+ 51. Kc4 Nxh1 52. Bxh1 Rh2 53. Bd5 Rxh3 54. Kb4 Rg3 55. Bc6 Rxg4+ 56. c4 h3
57. Bf3 Rh4 58. Kc3 g4 59. Bd5 g3 60. Kb3 g2 61. Kc2 g1=Q 62. a6 Rd4 63. Bf3
Qf2+ 64. Be2 Qxe2+ 65. Kb3 Rd3+ 66. Kb4 Qe7+ 67. Ka5 Qc5# 0-1

[Event "Superturnier"]
[Site "Computer"]
[Date "2021.10.16"]
[Round "7"]
[White "Mephisto RISC 1MB"]
[Black "Saitek RISC 2500 v1.04"]
[Result "1/2-1/2"]
[WhiteElo "2200"]
[BlackElo "2200"]
[Annotator "Pillen,Markus"]
[PlyCount "123"]
[EventDate "2021.??.??"]

{[%evp 0,123,20,30,40,40,50,61,62,53,53,53,59,55,60,59,63,61,61,32,32,16,1,0,
72,34,16,-4,-3,-10,-10,-63,-57,-77,-77,-70,-70,-70,-78,-70,-76,-57,-64,-56,-31,
-62,-56,-62,-54,-56,-42,-35,-31,-102,-95,-103,-96,-96,-89,-104,-99,-104,-103,
-103,-105,-104,-107,-127,-120,-171,-121,-121,-136,-137,-108,-133,-137,-137,
-138,-137,-134,-137,-135,-134,-130,-134,-133,-133,-119,-123,-122,-118,-108,
-116,-112,-112,-106,-98,-73,-74,-65,-77,-90,-68,-68,-97,-92,-71,-53,-53,-58,
-59,-51,-41,-41,-41,-28,-28,-16,-32,-8,-10,-6,-6,-14,-20]} 1. e4 d5 2. exd5
Qxd5 3. Nc3 Qa5 4. d4 Nf6 5. Nf3 Bf5 6. Nd2 e6 7. Nc4 Qa6 8. Bf4 Qc6 9. Ne5 Qb6
10. Na4 Qa5+ 11. c3 Be7 12. Nc4 Qd5 13. Bxc7 b5 14. Ne3 Qc6 15. Nxf5 exf5 16.
Bxb8 Rxb8 17. Nc5 Bxc5 18. dxc5 O-O 19. Qf3 Rfe8+ 20. Be2 Qxf3 21. gxf3 Re5 22.
Kf1 Rxc5 23. Rg1 Nd5 24. Rd1 a5 25. Rd4 g6 26. b4 axb4 27. cxb4 Rc1+ 28. Kg2
Rxg1+ 29. Kxg1 Nc3 30. Rd2 Ra8 31. Rc2 Nxa2 32. Bxb5 Nxb4 33. Rc7 Nd5 34. Rd7
Nf4 35. h4 Rc8 36. Kh2 Rc5 37. Ba6 Ne6 38. Kg2 Kf8 39. Rb7 h6 40. Rd7 Ke8 41.
Rb7 Rc2 42. Kg3 Kf8 43. Rb4 f4+ 44. Kg2 Ke7 45. Bd3 Rc3 46. Bc4 Nc7 47. Bb3 f6
48. h5 gxh5 49. Re4+ Kd6 50. Bc4 f5 51. Rxf4 Ke5 52. Kg3 Ne8 53. Ba2 Nd6 54.
Rh4 Ra3 55. Bg8 Ra8 56. Bb3 Rb8 57. Bd1 Rg8+ 58. Kh2 Rh8 59. Kg3 Rd8 60. Rxh5
Rg8+ 61. Kh2 Rg6 62. Rh4 1/2-1/2

[Event "Superturnier"]
[Site "Computer"]
[Date "2021.10.16"]
[Round "7"]
[White "Mephisto Berlin Pro 68020"]
[Black "Fidelity Excel 68020 Mach IV"]
[Result "1-0"]
[WhiteElo "2200"]
[BlackElo "2200"]
[Annotator "Pillen,Markus"]
[PlyCount "191"]
[EventDate "2021.??.??"]

{[%evp 0,171,20,12,12,30,30,19,20,-13,13,19,16,7,7,9,1,-4,12,-19,-16,-11,10,22,
30,40,34,45,89,95,79,77,89,86,109,70,70,78,103,43,35,41,32,6,13,1,-4,-23,-23,
-24,19,-27,-21,-51,-44,-40,-40,-36,-45,-67,-62,-59,-59,-59,-59,-59,-62,-53,-55,
-55,-55,-43,-34,-40,-47,-43,-40,-33,-33,-33,-23,-43,-5,-24,-24,-39,-22,-19,-18,
-42,-39,-42,-42,-38,-31,-38,-26,-36,-31,-29,-43,-23,-3,-1,-22,-57,-5,-18,10,22,
19,17,53,49,54,54,80,80,104,103,110,125,173,180,364,381,462,470,559,602,645,
496,639,664,672,584,598,626,629,652,766,679,720,652,681,710,732,738,772,785,
800,806,826,831,833,878,913,922,1328,1459,2301,2235,2235,2426,2498,2802,2802,
2802,2826,2826,2826,3257,3748,27147]} 1. e4 e5 2. Nf3 Nc6 3. Bb5 a6 4. Ba4 Nf6
5. O-O Nxe4 6. d4 b5 7. Bb3 d5 8. dxe5 Be6 9. Nbd2 Nc5 10. c3 Be7 11. Bc2 O-O
12. Nb3 Ne4 13. Qe2 Bf5 14. Nfd4 Nxd4 15. cxd4 Qd7 16. f3 Ng5 17. Be3 Bxc2 18.
Qxc2 Ne6 19. Rac1 a5 20. f4 a4 21. Nd2 c5 22. Nf3 Rfc8 23. Qf5 a3 24. b3 c4 25.
Qb1 c3 26. Qd3 b4 27. f5 Nc7 28. Ng5 Qb5 29. Qxb5 Nxb5 30. Nf3 Ra6 31. Ne1 Rb6
32. Nd3 h6 33. Rc2 Rbc6 34. Rf3 Re8 35. Rg3 Kh7 36. Rh3 Bf8 37. Rf3 Kg8 38. Nf4
Nc7 39. Rg3 Rd8 40. Nd3 Rc8 41. f6 g6 42. Nf4 Re8 43. Rf3 Ra8 44. Rg3 Rd8 45.
Bc1 Rb8 46. Be3 Rc8 47. Kf1 Re8 48. Kg1 Ra8 49. Kh1 Rd8 50. h3 Ne6 51. Nxe6
Rxe6 52. Kg1 Rc8 53. Kf2 Rec6 54. Ke2 Kh7 55. Rf3 h5 56. g4 Bh6 57. gxh5 gxh5
58. Rg3 Bxe3 59. Rg7+ Kh6 60. Kxe3 Rf8 61. Kd3 Rc7 62. e6 Ra8 63. exf7 Rc6 64.
Rg8 Rxf6 65. Rxa8 Rxf7 66. Rg2 Kh7 67. Rb8 Rf3+ 68. Kc2 Rxh3 69. Rxb4 Rf3 70.
Rb5 Rf5 71. Rh2 Kh6 72. Kxc3 Kg5 73. Rb8 Kg6 74. Rh8 Rf3+ 75. Kb4 Rf5 76. Rh4
Rg5 77. Kxa3 Rf5 78. R4xh5 Rxh5 79. Rxh5 Kxh5 80. Kb4 Kg4 81. Kc5 Kf5 82. Kxd5
Kf6 83. Kd6 Kf5 84. d5 Ke4 85. Kc5 Kf5 86. b4 Kf6 87. b5 Ke7 88. b6 Kd7 89. d6
Ke6 90. b7 Kd7 91. Kd5 Ke8 92. Ke6 Kf8 93. Kf6 Ke8 94. b8=Q+ Kd7 95. Qc7+ Ke8
96. Qc8# 1-0

[Event "Superturnier"]
[Site "Computer"]
[Date "2021.10.16"]
[Round "8"]
[White "Mephisto Berlin Pro 68020"]
[Black "Mephisto RISC 1MB"]
[Result "1/2-1/2"]
[WhiteElo "2200"]
[BlackElo "2200"]
[Annotator "Pillen,Markus"]
[PlyCount "299"]
[EventDate "2021.??.??"]

1. e4 e6 2. d4 d5 3. Nd2 c5 4. exd5 Qxd5 5. Ngf3 cxd4 6. Bc4 Qd6 7. Nb3 e5 8.
Qe2 Nc6 9. Bb5 f6 10. Nbxd4 Nge7 11. Nxc6 bxc6 12. Bc4 Bg4 13. O-O Nd5 14. Qe4
Qe6 15. Rd1 Rd8 16. Be3 Bf5 17. Qh4 Qe7 18. Bxd5 cxd5 19. Qa4+ Qd7 20. Qxa7
Qxa7 21. Bxa7 Bxc2 22. Rdc1 Be4 23. Nd2 Bf5 24. Rc7 Rd7 25. Rac1 Bb4 26. Nf1
O-O 27. Ne3 Rxc7 28. Rxc7 Be6 29. a3 Bd2 30. Re7 Bf7 31. Bc5 d4 32. Nf5 g6 33.
Ng3 Bf4 34. Ra7 Rd8 35. Be7 Rc8 36. Nf1 Kg7 37. g3 Bc1 38. Ra6 Be6 39. b4 Kf7
40. Ra7 Bb3 41. b5 Ke6 42. Bb4 Kf5 43. b6 Rb8 44. Rc7 Bb2 45. b7 h5 46. f3 Bd5
47. Rc2 Ba1 48. Rc1 Bxf3 49. Rxa1 Bxb7 50. Nd2 Ba6 51. Nf3 Ke4 52. Nh4 g5 53.
Re1+ Kd3 54. Nf5 Rb6 55. Rf1 Rc6 56. Ne7 Rc2 57. Rxf6 Rc1+ 58. Kf2 Rc2+ 59. Kf1
Bb7 60. h4 gxh4 61. gxh4 e4 62. Rb6 Rc7 63. Bd6 Rc1+ 64. Kg2 Ba8 65. Rb8 Bc6
66. Rb3+ Kd2 67. Rb6 Be8 68. Nf5 Rc4 69. Be5 Ra4 70. Bxd4 Rxa3 71. Ng3 Kd3 72.
Rd6 Ra4 73. Bc5+ Kc2 74. Kf2 e3+ 75. Bxe3 Rxh4 76. Kf3 Rh3 77. Kg2 Rh4 78. Bd4
Rg4 79. Kh3 Kd3 80. Bf6+ Kc4 81. Rd8 Bg6 82. Ra8 Kd5 83. Ra5+ Ke6 84. Ra6+ Kd5
85. Bh8 Kc5 86. Ra3 Rc4 87. Bf6 Kd5 88. Ra7 Rg4 89. Ra8 Rc4 90. Ra5+ Kc6 91.
Ne2 Kb6 92. Rg5 Rg4 93. Rd5 Kc6 94. Ra5 Kb6 95. Bd8+ Kc6 96. Bg5 Bd3 97. Ng3
Bb5 98. Be3 Ra4 99. Rxa4 Bxa4 100. Nxh5 Kd5 101. Kg3 Bd1 102. Nf6+ Ke5 103.
Nd7+ Ke6 104. Nc5+ Ke5 105. Bf4+ Kd4 106. Ne6+ Ke4 107. Ng5+ Kf5 108. Nf7 Ke6
109. Nd6 Kd5 110. Kf2 Kd4 111. Be3+ Kd5 112. Ne8 Ke4 113. Nf6+ Ke5 114. Nd7+
Ke4 115. Bd2 Kd3 116. Bc1 Ke4 117. Bb2 Kd3 118. Bf6 Ke4 119. Bg7 Kd3 120. Be5
Ke4 121. Bc3 Bg4 122. Nf6+ Kf4 123. Bd4 Bh3 124. Ke2 Bf5 125. Kd2 Bc8 126. Ne8
Bd7 127. Nd6 Bh3 128. Bf6 Be6 129. Kd3 Bb3 130. Kd4 Bc2 131. Bh8 Bb3 132. Be5+
Kg4 133. Ke4 Bc2+ 134. Kd5 Bb3+ 135. Kd4 Kg5 136. Ke4 Bc2+ 137. Kd5 Bb3+ 138.
Kc5 Bg8 139. Ne8 Kf5 140. Kd4 Ke6 141. Ng7+ Kd7 142. Nh5 Ke6 143. Bc7 Kd7 144.
Bf4 Kc6 145. Nf6 Bb3 146. Ng4 Bd5 147. Ne3 Bf7 148. Nc2 Kd7 149. Be5 Ke6 150.
Ke4 {50 Züge Regel} 1/2-1/2

[Event "Superturnier"]
[Site "Computer"]
[Date "2021.10.16"]
[Round "8"]
[White "Mephisto Berlin Pro 68020"]
[Black "Saitek RISC 2500 v1.04"]
[Result "1-0"]
[WhiteElo "2200"]
[BlackElo "2200"]
[Annotator "Pillen,Markus"]
[PlyCount "153"]
[EventDate "2021.??.??"]

{[%evp 0,119,20,12,12,30,22,16,21,-16,60,19,78,62,37,-12,-13,-46,-46,-36,-28,
-39,-75,-57,-50,-44,-46,-46,-41,-41,-56,-76,-49,-66,-51,-49,-49,-60,-57,-50,
-59,-72,-53,-77,-71,-86,-55,-80,-19,-19,-16,25,3,10,10,0,34,35,35,-15,-7,6,31,
37,26,35,35,39,41,3,0,0,43,0,0,0,0,1,0,0,0,1,11,1,100,107,103,92,85,84,206,225,
278,84,76,76,76,84,342,115,113,160,158,164,145,151,145,155,128,131,129,155,128,
107,107,127,170,183,214,183,361,313]} 1. e4 e5 2. Nf3 Nc6 3. Bb5 Bc5 4. c3 Nf6
5. O-O O-O 6. d4 Bb6 7. Bg5 h6 8. Bh4 exd4 9. e5 g5 10. Nxg5 hxg5 11. exf6 Qxf6
12. Qg4 d5 13. Qxg5+ Qxg5 14. Bxg5 Bf5 15. Bf6 Rae8 16. Bxc6 bxc6 17. Bxd4 Re2
18. b4 Rfe8 19. Bxb6 cxb6 20. a4 a5 21. bxa5 bxa5 22. Na3 R8e4 23. c4 dxc4 24.
Rac1 c3 25. Nb1 Rc4 26. Rxc3 Rxa4 27. Rxc6 Bxb1 28. Rxb1 Raa2 29. Rf6 a4 30.
Rf1 a3 31. Ra6 Kg7 32. h4 Re4 33. g3 Re6 34. Rxe6 fxe6 35. Kg2 Rb2 36. Ra1 a2
37. g4 Rc2 38. Kf3 e5 39. Ke3 Rb2 40. f3 Rc2 41. Ke4 Re2+ 42. Kf5 Kf7 43. h5
Kg7 44. g5 Rg2 45. h6+ Kh7 46. Rd1 Rd2 47. Rh1 Rg2 48. Ra1 Rh2 49. Kxe5 Rf2 50.
f4 Kg6 51. Ke4 Kh7 52. f5 Rg2 53. Kf4 Rf2+ 54. Ke5 Rb2 55. Kf6 Rb6+ 56. Kf7 Ra6
57. Ke7 Ra7+ 58. Kf6 Ra6+ 59. Ke5 Ra5+ 60. Kf4 Ra3 61. Kg4 Ra5 62. Kh5 Kg8 63.
f6 Ra7 64. g6 Ra5+ 65. Kg4 Ra4+ 66. Kf3 Ra3+ 67. Kg2 Rb3 68. Rxa2 Rb8 69. Rf2
Ra8 70. f7+ Kf8 71. g7+ Ke7 72. h7 Kd7 73. h8=Q Rxh8 74. gxh8=Q Kc6 75. Qc3+
Kd7 76. Qc5 Ke6 77. f8=N# 1-0

[Event "Superturnier"]
[Site "Computer"]
[Date "2021.10.16"]
[Round "8"]
[White "Saitek RISC 2500 v1.04"]
[Black "Mephisto RISC 1MB"]
[Result "1/2-1/2"]
[WhiteElo "2200"]
[BlackElo "2200"]
[Annotator "Pillen,Markus"]
[PlyCount "99"]
[EventDate "2021.??.??"]

{[%evp 0,99,20,12,31,31,24,1,7,-8,-2,-13,1,-23,42,18,4,-45,-72,-64,-17,-27,-20,
-20,-20,-7,-21,-21,-17,-35,-13,-37,-35,-42,-31,-29,-15,-32,-31,-78,-55,-76,-73,
-73,-62,-89,-91,-124,-93,-80,-24,-69,-58,-131,-111,-247,-276,-186,-234,-214,
-244,-300,-252,-328,-328,-375,-343,-409,-390,-416,-425,-574,-633,-662,-683,
-792,-817,-817,-536,-545,-545,-575,-583,-561,-504,-504,0,0,0,0,0,0,0,0,0,0,0,0,
0,0,0,0]} 1. e4 e6 2. d4 d5 3. e5 c5 4. c3 Nc6 5. Nf3 Qb6 6. a3 c4 7. g3 f6 8.
Bg2 fxe5 9. Nxe5 Nxe5 10. dxe5 Bc5 11. Qh5+ g6 12. Qe2 Ne7 13. O-O Bd7 14. a4
a5 15. Bg5 O-O 16. Na3 Qb3 17. Nb5 Bxb5 18. axb5 Qxb5 19. Bh6 Rf7 20. b4 Bb6
21. bxa5 Rxa5 22. Rab1 Qa6 23. Bg5 Ra3 24. Qb2 Nc8 25. Qd2 Bc5 26. Rb2 d4 27.
Rc2 d3 28. Rb2 Nb6 29. Rbb1 Na4 30. Be3 Qa5 31. Bxc5 Qxc5 32. Rbc1 Qxe5 33.
Rfe1 Qf6 34. f4 Rxc3 35. Re5 Rxc1+ 36. Qxc1 c3 37. Qe3 d2 38. Bf3 Qd8 39. Rxe6
d1=Q+ 40. Bxd1 Qxd1+ 41. Kf2 Qc2+ 42. Kf3 h6 43. Re8+ Kh7 44. Qd4 Rg7 45. Qd8
Rf7 46. Rh8+ Kg7 47. Rg8+ Kh7 48. Rh8+ Kg7 49. Rg8+ Kh7 50. Rh8+ {
Stellungswiederholung} 1/2-1/2

[Event "Superturnier"]
[Site "Computer"]
[Date "2021.10.16"]
[Round "8"]
[White "Fidelity Excel 68020 Mach IV"]
[Black "Mephisto Berlin Pro 68020"]
[Result "1-0"]
[WhiteElo "2200"]
[BlackElo "2200"]
[Annotator "Pillen,Markus"]
[PlyCount "201"]
[EventDate "2021.??.??"]

{[%evp 0,132,20,12,48,48,90,62,62,37,37,37,48,58,55,34,18,14,13,-28,19,15,11,
-19,-18,-22,7,2,2,2,5,13,9,6,-2,-10,-27,-14,5,-7,9,15,14,-6,16,0,12,8,22,-11,
-11,-16,0,-18,-18,-19,-8,-44,-37,-37,-47,-47,-73,-87,-13,-34,-12,-12,-4,-17,
-13,0,0,0,0,0,0,-44,-47,-42,0,0,17,10,35,33,43,35,76,58,83,109,90,109,93,90,85,
85,119,93,116,101,111,102,102,90,108,115,114,84,74,64,85,64,49,71,77,50,63,77,
78,54,91,44,100,113,63,91,170,103,108,108,108,62,90]} 1. e4 c5 2. Nf3 d6 3. d4
cxd4 4. Nxd4 Nf6 5. Nc3 a6 6. Bg5 e6 7. f4 Nbd7 8. Be2 Be7 9. O-O O-O 10. Kh1
h6 11. Bxf6 Nxf6 12. Qd2 d5 13. exd5 Nxd5 14. Nxd5 Qxd5 15. Bf3 Qd6 16. Rad1
Qb6 17. Qc3 Bf6 18. Rf2 Rd8 19. Rfd2 e5 20. fxe5 Bxe5 21. Qe3 Bc7 22. c4 Be6
23. Qc3 Bc8 24. c5 Qf6 25. g3 Be5 26. Qe3 Rb8 27. b4 Bh3 28. Be4 Bg4 29. Nf3
Re8 30. Rf1 Bc3 31. Rd6 Re6 32. Rxe6 Bxe6 33. a3 a5 34. bxa5 Bxa5 35. Rb1 b6
36. c6 Re8 37. Qd3 Rd8 38. Qc2 Bg4 39. Qb3 Re8 40. Bd5 Re7 41. Rf1 Bh3 42. Rc1
Rc7 43. Be4 Be6 44. Qd3 Qe7 45. Nd4 Qg5 46. Rd1 Bg4 47. Nf3 Bxf3+ 48. Bxf3 Qe5
49. Qe4 Qxe4 50. Rd8+ Qe8 51. Rxe8+ Kh7 52. Rb8 f5 53. Rb7 Rc8 54. Kg2 Kg6 55.
Rd7 Kf6 56. Bd5 Ke5 57. Kf2 g5 58. Bf3 Bc3 59. Ke2 Bb2 60. a4 Ba3 61. Bg2 Ke6
62. Kd3 Bd6 63. Rh7 Bf8 64. Kc3 Kf6 65. Rb7 Bc5 66. Rd7 Bg1 67. Rd6+ Kg7 68. h3
Bf2 69. Rd7+ Kf6 70. g4 f4 71. Rh7 Ke6 72. Rxh6+ Ke7 73. Rh7+ Kd6 74. Rg7 Bh4
75. Rd7+ Ke5 76. Kc4 Bf2 77. Rd5+ Kf6 78. Rf5+ Kg6 79. Be4 Kg7 80. Rxg5+ Kh8
81. Rf5 Be3 82. Rf7 Kg8 83. Rd7 Kf8 84. c7 Ke8 85. Bc6 Rxc7 86. Rxc7+ Kf8 87.
Kb5 Bd4 88. Rb7 Bf2 89. Rxb6 Bxb6 90. Kxb6 Ke7 91. a5 Kf6 92. a6 Kg5 93. a7 Kh4
94. a8=Q Kxh3 95. g5 Kg3 96. g6 Kf2 97. Qa3 Ke1 98. g7 Kd2 99. g8=Q Ke2 100.
Qg2+ Ke1 101. Qc1# 1-0

[Event "Superturnier"]
[Site "Computer"]
[Date "2021.10.16"]
[Round "9"]
[White "Mephisto RISC 1MB"]
[Black "Mephisto Berlin Pro 68020"]
[Result "1-0"]
[WhiteElo "2200"]
[BlackElo "2200"]
[Annotator "Pillen,Markus"]
[PlyCount "139"]
[EventDate "2021.??.??"]

{[%evp 0,124,30,30,48,48,43,17,17,15,25,34,37,54,49,49,58,37,51,31,31,16,16,16,
16,3,11,4,75,-33,5,-11,-11,2,14,10,22,22,31,27,29,29,68,54,54,49,49,59,47,47,
56,15,83,83,93,117,161,151,151,140,149,175,181,161,243,249,249,257,247,247,369,
359,470,412,440,410,505,420,420,393,546,543,563,512,554,631,744,520,676,701,
704,610,620,599,585,593,691,605,654,668,675,718,742,753,787,706,731,719,744,
765,776,834,1240,1320,1616,1754,2221,29807,29975,29976,29979,29980,29981,28477,
29981,29982,29983]} 1. e4 c5 2. Nf3 Nc6 3. d4 cxd4 4. Nxd4 Nf6 5. Nc3 d6 6. Bg5
e6 7. Qd2 a6 8. O-O-O h6 9. Bf4 Bd7 10. Nxc6 Bxc6 11. f3 d5 12. Qe1 Bb4 13. a3
Ba5 14. Bd2 Qe7 15. e5 Nd7 16. Kb1 Bc7 17. f4 f6 18. exf6 Qxf6 19. g3 O-O 20.
Bg2 b5 21. Ne2 Rfe8 22. Bc3 Qf7 23. Nd4 Bb7 24. Rf1 Bb6 25. Rf2 Qg6 26. Re2
Bxd4 27. Bxd4 Rac8 28. Bh3 Nf8 29. Rd3 Qf7 30. Rde3 Rc6 31. Bc3 Qg6 32. f5 Qh5
33. g4 Qg5 34. fxe6 Qe7 35. g5 d4 36. Bxd4 Rc4 37. Bc3 Ng6 38. Rd2 Rxc3 39.
Rxc3 h5 40. Qg3 h4 41. Qc7 Qxc7 42. Rxc7 Be4 43. Rf2 Re7 44. Rc8+ Kh7 45. Rf7
a5 46. Rc5 b4 47. Rc4 Bd5 48. Rxh4+ Nxh4 49. Rxe7 Kg6 50. Ra7 bxa3 51. Rxa5 Bc6
52. Rxa3 Nf3 53. Bg2 Nd4 54. Rd3 Bxg2 55. Rxd4 Bh3 56. Re4 Kxg5 57. e7 Bd7 58.
e8=Q Bxe8 59. Rxe8 Kf6 60. b4 g6 61. c4 g5 62. c5 g4 63. Re1 Kf5 64. c6 Kf4 65.
c7 Kf3 66. c8=Q Kf4 67. Qf8+ Kg5 68. Qg7+ Kh5 69. Re5+ Kh4 70. Qh7# 1-0

[Event "Superturnier"]
[Site "Computer"]
[Date "2021.10.16"]
[Round "9"]
[White "Fidelity Excel 68020 Mach IV"]
[Black "Saitek RISC 2500 v1.04"]
[Result "1-0"]
[WhiteElo "2200"]
[BlackElo "2200"]
[Annotator "Pillen,Markus"]
[PlyCount "143"]
[EventDate "2021.??.??"]

{[%evp 0,143,30,30,48,43,90,62,62,37,37,42,68,57,51,43,59,4,44,12,39,37,79,104,
94,94,79,64,64,80,179,83,99,50,90,44,108,51,48,23,35,12,84,102,93,101,90,90,
157,109,107,103,103,103,125,136,127,107,101,100,111,97,97,98,77,80,80,81,84,96,
94,84,94,94,102,110,112,118,142,158,156,162,161,168,168,157,168,156,165,163,
171,169,190,198,202,230,230,210,219,235,256,256,288,284,472,522,982,1239,1368,
1392,1629,413,402,528,528,541,956,1214,1252,1214,1262,1252,1325,1460,1461,1592,
2016,2139,2704,3233,29983,29986,29987,29988,29991,29990,29991,29992,29993,
29994,29995,29996,29997,29998,29999,-30000]} 1. e4 c5 2. Nf3 d6 3. d4 cxd4 4.
Nxd4 Nf6 5. Nc3 e6 6. Bc4 Nc6 7. Be3 a6 8. Qe2 Qc7 9. O-O-O b5 10. Nxc6 bxc4
11. Qxc4 Bb7 12. Ne5 Rc8 13. Qa4+ Ke7 14. Nf3 h6 15. Bf4 e5 16. Be3 g6 17. Kb1
Bg7 18. Rd3 Bc6 19. Qxa6 Nxe4 20. Rhd1 Nxc3+ 21. Rxc3 Rhe8 22. Bb6 Qb8 23. Qa3
Bd7 24. Ba7 Rxc3 25. Bxb8 Rxa3 26. Bxd6+ Kd8 27. Bxa3 e4 28. Nd4 Bxd4 29. Rxd4
e3 30. fxe3 Rxe3 31. Kc1 Re2 32. Rd2 Re1+ 33. Rd1 Re2 34. g3 Rxh2 35. b3 Kc7
36. Rd2 Rxd2 37. Kxd2 f5 38. Bc5 g5 39. Bf8 f4 40. gxf4 g4 41. Bxh6 g3 42. Ke2
Bg4+ 43. Kf1 Bh3+ 44. Kg1 Kd6 45. c3 Ke6 46. a4 Kd5 47. a5 Kc6 48. c4 Kb7 49.
Bg7 Kc6 50. Bd4 Kb7 51. b4 Ka6 52. Bc3 Kb7 53. b5 Kb8 54. c5 Bf5 55. Kg2 Bd3
56. b6 Kb7 57. Kxg3 Bf5 58. Kf3 Bd7 59. Ke3 Bc8 60. Kd4 Bd7 61. Ke5 Bb5 62. f5
Be2 63. f6 Bh5 64. Kd6 Bf3 65. f7 Ka6 66. f8=Q Bg2 67. c6 Bxc6 68. Qc8+ Kb5 69.
Qxc6+ Ka6 70. b7+ Ka7 71. Qc8 Ka6 72. b8=Q# 1-0

[Event "Superturnier"]
[Site "Computer"]
[Date "2021.10.16"]
[Round "9"]
[White "Fidelity Excel 68020 Mach IV"]
[Black "Mephisto RISC 1MB"]
[Result "0-1"]
[WhiteElo "2200"]
[BlackElo "2200"]
[Annotator "Pillen,Markus"]
[PlyCount "174"]
[EventDate "2021.??.??"]

{[%evp 0,136,30,30,30,30,22,16,25,-12,5,12,22,9,9,12,17,14,11,-7,1,15,16,32,58,
42,43,-55,-55,-24,-36,-46,-14,-63,-34,-40,-39,-60,-28,-21,-4,-40,-24,-38,-38,
-37,-32,-22,-18,-24,-22,-22,-15,-21,10,0,15,1,22,0,22,-17,-9,-40,-32,-138,-16,
-33,-16,-32,-39,-40,-15,-101,-115,-154,-134,-123,-151,-151,-78,-92,-72,-76,-76,
-80,-77,-116,-105,-111,-128,-162,-158,-169,-149,-176,-183,-185,-174,-202,-206,
-206,-206,-236,-206,-210,-208,-282,-252,-305,-207,-214,-195,-224,-227,-255,
-255,-254,-352,-349,-349,-366,-240,-245,-234,-264,-287,-301,-290,-288,-302,
-302,-303,-290,-295,-330,-317,-384,-339]} 1. e4 e5 2. Nf3 Nc6 3. Bb5 a6 4. Ba4
Nf6 5. O-O Nxe4 6. d4 b5 7. Bb3 d5 8. dxe5 Be6 9. c3 Bc5 10. Nbd2 O-O 11. Bc2
Nxf2 12. Rxf2 f6 13. Nf1 Bxf2+ 14. Kxf2 fxe5 15. Kg1 e4 16. Bg5 Qd7 17. Nd4 Bg4
18. Qd2 Nxd4 19. cxd4 h6 20. Be3 Rae8 21. Ng3 Qd6 22. Kh1 Rf7 23. Rf1 Rxf1+ 24.
Nxf1 Rf8 25. Ng3 Rf6 26. Qe1 Qc6 27. Bb3 Kh7 28. h3 Bc8 29. Nh5 Rf5 30. Nf4 Qd6
31. Qg3 c6 32. h4 Rf7 33. h5 Kg8 34. Kg1 a5 35. Qg6 Rf6 36. Qxe4 a4 37. Nxd5
cxd5 38. Qxd5+ Qxd5 39. Bxd5+ Kf8 40. Bf3 Ke7 41. d5 Kd6 42. Bf2 g5 43. Bg3+
Kc5 44. Bf2+ Kc4 45. Be2+ Kxd5 46. Bxb5 Rf4 47. b3 axb3 48. axb3 Bg4 49. g3 Rb4
50. Bc4+ Kd6 51. Kf1 Bd1 52. Be1 Rb7 53. Bc3 Kc5 54. Be2 Bxb3 55. Bg4 Re7 56.
Kg2 Rf7 57. Kh3 Bd5 58. Bb2 Rf1 59. Bc8 Rh1+ 60. Kg4 Bf7 61. Kf5 Bxh5 62. Kf6
Rb1 63. Ba3+ Kd4 64. Be7 Rb6+ 65. Kg7 Rg6+ 66. Kh7 Rc6 67. Bf5 Bf3 68. Bf8 Ke5
69. Bg6 h5 70. Bg7+ Kd5 71. Bf7+ Ke4 72. Be8 Ra6 73. Bb5 Rb6 74. Be8 h4 75.
gxh4 gxh4 76. Bd7 Bg2 77. Ba4 h3 78. Bc2+ Kd5 79. Bg6 h2 80. Bf7+ Kd6 81. Bf8+
Kd7 82. Bc5 h1=Q+ 83. Kg8 Be4 84. Bxb6 Qh7+ 85. Kf8 Qh8+ 86. Bg8 Qh6+ 87. Kf7
Bd5# 0-1